02085nam a22003977a 450000500170000000800410001702000180005804000270007604100080010304400070011108200170011810000220013524500870015725000220024426001010026630000840036749001030045150400590055450500250061350500300063850500220066852002810069065000210097165000230099265000350101565000330105065000390108365000320112270000240115470000220117871000820120094200180128299900170130095201910131795201790150820200104041738.0160219b2015 ck ado |r|||| 00| 0 spa d a9789588889511 aCO-BoIAVH cCO-BoIAVH 0 aspa ack04a304.2bH71t11 aGallini, Stefania10aHistoria ambiental / cpor Stefania Gallini, Sofía de la Rosa y Rigoberto Abello aPrimera edición aBogotá :bInsitituto de Investigación de Recursos Biológicos Alexander von Humbolt,c2015. a72 páginas :bilustraciones, diagramas y fotografías a color ;c21 x 30 cm.0 aColección hojas de ruta: Guías para estudio socioecológico de altamontaña en Colombia ;v1 aIncluye referencias bibliográficas: páginas 67-70.0 a1. Punto de partida.0 a2. Recorriendo el camino.0 a3. Otros caminos. aLa materia a compendiar en esta guía es un tipo particular de historia, que si bien no es una religión, igualmente ha desarrollado rituales y consagrado sacerdotes a lo largo del camino hacia su profesionalización y consolidación disciplinar empezando en el siglo XIX. 6aHistoria natural 4aHistoria ambiental 6aMedio ambientevInvetigación 4aGeneración de conocimiento 4aInvestigación social-ecológica 6aEcología humanaxHistoria1 aDe la Rosa, Sofía1 aAbello, Rigoberto2 aInstituto de Investigación de Recursos Biológicos Alexander von Humboldt. 2ddccLIBRO03 c18150d18150 00102ddc40708HUMBOLDTIINV2017aBogotabBogotad2016-02-19eInstitutog39000.00l8oIAVH-304.2 H71t1p039821r2019-10-17 00:00:00s2019-10-02tEj. 1w2016-02-19xInstitucionalyLIBRO 00102ddc40708HUMBOLDTIINV2017aVenadobVenadod2016-02-19eInstitutog39000.00l0oIAVH-304.2 H71t1p039822r2016-02-19 00:00:00tEj. 2w2016-02-19xInstitucionalyLIBRO